MARC
LEADER
00000nam0a2200000 4500
001
214473
005
20231101225906.0
010
|b 500 экз.
035
|a (RuTPU)RU\TPU\book\234344
090
|a 214473
100
|a 20120424d1929 k y0rusy50 ca
101
0
|a rus
102
|a RU
105
|a a z 001zy
200
1
|a Трассировка и разбивка туннелей
|f М. И. Евдокимов-Рокотовский
210
|a Томск
|c Красное знамя
|d 1929
215
|a 117 с.
|c черт.
320
|a Библиогр.: с. 117
606
1
|a Туннели городские
|2 stltpush
|3 (RuTPU)RU\TPU\subj\62034
|9 79191
610
1
|a труды учёных ТПУ
610
1
|a выпускники ТПУ
610
1
|a коллекция ТПУ
610
1
|a триангуляция
610
1
|a трассировка
610
1
|a геодезические работы
610
1
|a штольни
610
1
|a наземные работы
610
1
|a подземные работы
675
|a 624.19
|v 3
700
1
|a Евдокимов-Рокотовский
|b М. И.
|c советский инженер-строитель
|c профессор ТПИ
|f 1887-1967
|g Михаил Ильич
|2 stltpush
|3 (RuTPU)RU\TPU\pers\21864
|9 9201
801
1
|a RU
|b 63413507
|c 20120424
801
2
|a RU
|b 63413507
|c 20201215
|g RCR
942
|c BK